UM Logo

Business, government, and society: (Record no. 3785)

MARC details
000 -LEADER
fixed length control field 00754nam a22002057a 4500
008 - FIXED-LENGTH DATA ELEMENTS--GENERAL INFORMATION
fixed length control field 160810b xxu||||| |||| 00| 0 eng d
020 ## - INTERNATIONAL STANDARD BOOK NUMBER
International Standard Book Number 9780071270359
082 ## - DEWEY DECIMAL CLASSIFICATION NUMBER
Edition number 2009
Classification number DC 658.4
Item number St3b
100 ## - MAIN ENTRY--PERSONAL NAME
9 (RLIN) 12601
Personal name Steiner, John F.
245 ## - TITLE STATEMENT
Title Business, government, and society:
Remainder of title a managerial perspective, text and cases/
Statement of responsibility, etc. George A. Steiner and John F. Steiner.
250 ## - EDITION STATEMENT
Edition statement 12th edition
260 ## - PUBLICATION, DISTRIBUTION, ETC. (IMPRINT)
Place of publication, distribution, etc. Boston:
Name of publisher, distributor, etc. McGraw-Hill/Irwin,
Date of publication, distribution, etc. c2009.
300 ## - PHYSICAL DESCRIPTION
Extent xiv, 642 pages:
Other physical details illustrations;
Dimensions 23 cm.
500 ## - GENERAL NOTE
General note Includes index.
650 #0 - SUBJECT ADDED ENTRY--TOPICAL TERM
9 (RLIN) 12602
Topical term or geographic name as entry element Industries
General subdivision Social aspects
Geographic subdivision United States
650 #0 - SUBJECT ADDED ENTRY--TOPICAL TERM
9 (RLIN) 12603
Topical term or geographic name as entry element Industrial policy
Geographic subdivision United States
700 ## - ADDED ENTRY--PERSONAL NAME
9 (RLIN) 12604
Personal name Steiner, George Albert
Relator term Author
365 ## - TRADE PRICE
Price type code Php
Price amount 2785.50
942 ## - ADDED ENTRY ELEMENTS (KOHA)
Source of classification or shelving scheme Dewey Decimal Classification
Koha item type Circulation
Holdings
Withdrawn status Lost status Source of classification or shelving scheme Damaged status Not for loan Collection code Home library Current library Date acquired Source of acquisition Total Checkouts Full call number Barcode Date last seen Price effective from Koha item type
    Dewey Decimal Classification     Circulation UM Digos College - LIC UM Digos College - LIC 09/24/2010 Purchased   DC 658.4 St3b 2009 21003 05/15/2025 08/10/2016 Circulation